| 000 | 01066nam a2200253 a 4500 | ||
|---|---|---|---|
| 001 | 82358 | ||
| 003 | BD-RjUL | ||
| 005 | 20231128114437.0 | ||
| 008 | 231128s2019 bg a|||| m||| 00| 0 eng d | ||
| 035 | _a(BD-RjUL)82358 | ||
| 040 |
_aBD-RjUL _beng _cBD-RjUL _dBD-RjUL |
||
| 041 | _aeng | ||
| 082 |
_223 _a331.281 _bMRC 2019 |
||
| 100 |
_aMridha, Md. Mokarremul Hoque Helal _910212 |
||
| 245 | 1 | 0 |
_aCompensation Management Practices in BSCIC Industrial Estates : _bA Study of Rajshahi Division / _cMd. Mokarremul Hoque Helal Mridha _6Supervisor : Md. Kamruzzaman Co-Supervisor : M. Zainul Abedin |
| 260 |
_aRajshahi : _bInstitute of Bangladesh Studies,University of Rajshahi _c2019 |
||
| 300 |
_a[1], xvii, 132 leaves : _bill.; _c29 cm. |
||
| 502 | _aThesis(M.Phil.)-- Institute of Bangladesh Studies,University of Rajshahi,2019 | ||
| 504 | _aBibliography : Leaves 128-132 | ||
| 650 |
_aCompensation Management _xIndustrial Estates _910213 |
||
| 700 |
_aKamruzzaman, Md. Supervisor _99853 |
||
| 700 |
_aAbedin, M. Zainul, Co-Supervisor _910214 |
||
| 942 |
_2ddc _cTHE |
||
| 999 |
_c82358 _d82358 |
||